|
|
|
|
| LEADER |
00000nab a2200000 ar4500 |
| 001 |
vtls009288978 |
| 003 |
SK-MaSNL |
| 005 |
20260303052247.0 |
| 008 |
080424c1976 xo |r|p|||||||000 b|slo |
| 015 |
|
|
|a SNBRB1976
|
| 038 |
|
|
|a SNKBUCL
|
| 040 |
|
|
|a SNKBUCL
|b slo
|c SNKBUCL
|e AACR2
|
| 041 |
|
|
|a slo
|
| 044 |
|
|
|a xo
|c SK
|
| 080 |
|
|
|a 75.071.1
|2 1997
|
| 100 |
1 |
|
|a Stanček, Ľubomír
|4 aut
|9 267870
|
| 245 |
1 |
0 |
|a Počúvaj pieseň, porozumieš životu
|c Ľubomír Stanček
|
| 300 |
|
|
|b Obr.
|
| 600 |
1 |
7 |
|a Petráš, Pavol,
|d 1931-
|2 snkbucl
|9 113578
|
| 773 |
0 |
|
|t Smena na nedeľu
|g Roč. 11 (29), č. 6 (1976), s. 1
|
| 852 |
|
|
|a SNK
|b KIS3GCP
|
| 958 |
|
|
|a BX
|
| 999 |
|
|
|c 1714591
|d 1716521
|